000 00696nam a22001817a 4500
999 _c56758
_d56758
005 20191106120630.0
008 190419c2019 ge ||||| |||| 00| 0 geo d
041 _ageo
245 _aგადასახადები და აღრიცხვა :
_b2019 /
_cმთ.რედ: კოტე უბირია.
260 _aთბილისი,
_c2019.
300 _av.
653 _aგადასახადები და აღრიცხვა
653 _aეკონომიკა
653 _aბუღალტერია
653 _aპერიოდიკა
700 _aუბირია, კოტე
_eრედაქტორი
_9226
942 _2udc
_cCR